000167035 001__ 167035
000167035 005__ 20260121151430.0
000167035 037__ $$aTAZ-TFG-2025-1796
000167035 041__ $$aspa
000167035 1001_ $$aFandos Peleato, Ana
000167035 24200 $$aPublic Healthcare Spending in Spain after the pandemic,2019-2023
000167035 24500 $$aEl Gasto Público Sanitario en España tras la pandemia,2019-2023
000167035 260__ $$aZaragoza$$bUniversidad de Zaragoza$$c2025
000167035 506__ $$aby-nc-sa$$bCreative Commons$$c3.0$$uhttp://creativecommons.org/licenses/by-nc-sa/3.0/
000167035 520__ $$aEl presente Trabajo Fin de Grado aborda la evolución del gasto público sanitario en España durante el periodo 2019-2023, periodo marcado por la pandemia del COVID-19. Se analiza cómo ha respondido el sistema sanitario a los desafíos provocados por la emergencia sanitaria y el comportamiento del gasto antes, durante y después de la pandemia. El objetivo principal del mismo es examinar el cambio provocado por la crisis en los niveles de gasto público evaluando la situación de las diferentes comunidades autónomas, así como su eficiencia. Se ha llevado a cabo un análisis basado en datos extraídos de fuentes oficiales como los del Ministerio de Sanidad o de la Intervención General de la Administración del Estado. El trabajo refleja un aumento notable del gasto sanitario a causa de la crisis del COVID-19, existiendo disparidades entre las comunidades. Se concluye que la pandemia ha provocado la necesidad de reforzar el sistema público y ha demostrado debilidades estructurales. <br /><br />
000167035 521__ $$aGraduado en Economía
000167035 540__ $$aDerechos regulados por licencia Creative Commons
000167035 691__ $$a0
000167035 692__ $$a
000167035 700__ $$aBandrés Moliné, Eduardo$$edir.
000167035 7102_ $$aUniversidad de Zaragoza$$bEconomía aplicada$$c
000167035 8560_ $$f844821@unizar.es
000167035 8564_ $$s1557780$$uhttps://zaguan.unizar.es/record/167035/files/TAZ-TFG-2025-1796.pdf$$yMemoria (spa)
000167035 909CO $$ooai:zaguan.unizar.es:167035$$pdriver$$ptrabajos-fin-grado
000167035 950__ $$a
000167035 951__ $$adeposita:2026-01-21
000167035 980__ $$aTAZ$$bTFG$$cECON
000167035 999__ $$a20250531103519.CREATION_DATE